000 00612nam a22001937i 4500
999 _c23291
_d23291
003 AR-CdUCM
008 250527b20212021 pe||||| |||| 00| 0 spa d
020 _a978-612-48462-6-7
040 _aMUNICIPALIDAD PROVINCIAL DEL CUSCO
_cBIBLIOTECA MUNICIPAL DEL CUSCO
041 _hspa
082 _aEP / 807 / B95C
_bB95C
100 _aBustamante Quispe, Mario
_951181
245 _aCuidemos el planeta :
_bOjotin y Goyo
260 _aCusco :
_bAutor-Editor
_c2021
300 _a11 páginas. :
_bIlustraciones
_c30x20 cm.
856 _fwww.ojotincomic.blocspot.com
942 _2ddc
_cLIBROS
945 _apbjr
_d27-05-2025